000 00617nam a2200169 a 4500
008 120416s1963 ||||||||||||||||| || u
050 _aHF 5661 Edw
100 _aEdwards, James Don
245 1 4 _aThe professional CPA examination
246 _atext and problem, vol. 1
260 _aNew York
_bMcGraw-Hill
_c1963
300 _axi, 430p. : ill.
350 _a0.00
650 0 _aACCOUNTING--HANDBOOKS, MANUALS, ETC
650 _aCPA EXAMINATIONS--ACCOUNTING
995 _D0.00
_FCBU-MAIN LIBRARY (Kitwe)
_H1
_I3.95
_M1
_UAVAILABLE
_ZAnnex Low-Usage Collection
999 _c54939
_d54939